[Event "Charlotte Spring IMB 2024"]
[Site "Charlotte"]
[Date "2024.03.27"]
[Round "1"]
[White "Bregadze, Levan"]
[Black "Diaz Charpentier, Kristel Melissa"]
[Result "1-0"]
[WhiteElo "2435"]
[BlackElo "1990"]
[PlyCount "77"]
[EventDate "2024.03.27"]
[EventType "tourn"]
[EventRounds "9"]
[EventCountry "USA"]
[SourceTitle "CB14_2024"]
[SourceDate "2024.04.01"]
[SourceVersion "1"]
[SourceVersionDate "2024.04.01"]
[SourceQuality "1"]

1. e4 c5 2. Nc3 Nc6 3. g3 g6 4. d3 Bg7 5. Be3 d6 6. Qd2 Rb8 7. Bg2 b5 8. Nge2 Nd4 9. 0-0 e6 10. Nd1 Ne7 11. Nc1 0-0 12. c3 Ndc6 13. Bh6 e5 14. Bxg7 Kxg7 15. Ne3 Qb6 16. f4 f5 17. Ne2 Be6 18. Rf2 Rf7 19. Raf1 Rbf8 20. Kh1 Bc8 21. exf5 gxf5 22. Nd5 Nxd5 23. Bxd5 Rf6 24. Bg2 Ne7 25. fxe5 dxe5 26. d4 cxd4 27. cxd4 e4 28. Nf4 Kg8 29. Qb4 R8f7 30. Rc2 a5 31. Qd2 Bb7 32. Rc5 Rd6 33. Rfc1 Ng6 34. d5 Ne5 35. Ne6 Nc4 36. Qg5+ Kh8 37. Rc7 Qxc7 38. Nxc7 Rxc7 39. b3 1-0

[Event "CRI-ch (Women)"]
[Site "San Jose"]
[Date "2024.02.03"]
[Round "1"]
[White "Diaz Charpentier, Kristel Melissa"]
[Black "Salazar Delgado, Aylin Naomi"]
[Result "1-0"]
[WhiteElo "1969"]
[BlackElo "1309"]
[PlyCount "55"]
[EventDate "2024.02.03"]
[EventType "swiss"]
[EventRounds "9"]
[EventCountry "CRI"]
[SourceTitle "CB08_2024"]
[SourceDate "2024.02.21"]
[SourceVersion "1"]
[SourceVersionDate "2024.02.21"]
[SourceQuality "1"]

1. d4 d5 2. c4 e6 3. Nf3 Nf6 4. Nc3 Bb4 5. Bg5 h6 6. Bxf6 Qxf6 7. e3 0-0 8. a3 Bxc3+ 9. bxc3 b6 10. cxd5 exd5 11. Bd3 Bg4 12. h3 Bxf3 13. Qxf3 Qxf3 14. gxf3 Nd7 15. Rg1 Nf6 16. Kd2 Rfe8 17. Rg2 Kh8 18. Rag1 Rg8 19. e4 c6 20. h4 Rae8 21. e5 Nh5 22. Rg4 Ref8 23. c4 f5 24. Rg6 Nf4 25. Rxc6 Nxd3 26. Kxd3 dxc4+ 27. Kxc4 Rc8 28. d5 1-0

[Event "CRI-ch"]
[Site "San Jose"]
[Date "2024.01.11"]
[Round "6"]
[White "Jimenez Molina, Juan Leon"]
[Black "Diaz Charpentier, Kristel Melissa"]
[Result "1/2-1/2"]
[WhiteElo "2095"]
[BlackElo "1951"]
[PlyCount "59"]
[EventDate "2024.01.06"]
[EventType "swiss"]
[EventRounds "9"]
[EventCountry "CRI"]
[SourceTitle "CB05_2024"]
[SourceDate "2024.01.31"]
[SourceVersion "1"]
[SourceVersionDate "2024.01.31"]
[SourceQuality "1"]

1. c4 c5 2. Nf3 Nc6 3. g3 g6 4. Bg2 Bg7 5. Nc3 e5 6. 0-0 Nge7 7. d3 0-0 8. a3 d6 9. Rb1 a5 10. Bg5 f6 11. Bd2 Be6 12. Ne1 d5 13. Na4 dxc4 14. Nxc5 Bf7 15. Nxb7 Qc7 16. Nc5 Nd4 17. Bxa8 Rxa8 18. Ne4 cxd3 19. Nxd3 Bb3 20. Qe1 Bc2 21. Rc1 Qc6 22. f3 f5 23. Nef2 e4 24. fxe4 fxe4 25. Nf4 Nef5 26. Bc3 Rc8 27. Nd1 Qa8 28. e3 Bxd1 29. Bxd4 Rxc1 30. Bxg7 1/2-1/2

[Event "CRI-ch"]
[Site "San Jose"]
[Date "2024.01.06"]
[Round "2"]
[White "Jimenez Garcia, Emanuel"]
[Black "Diaz Charpentier, Kristel Melissa"]
[Result "1-0"]
[WhiteElo "2394"]
[BlackElo "1951"]
[PlyCount "53"]
[EventDate "2024.01.06"]
[EventType "swiss"]
[EventRounds "9"]
[EventCountry "CRI"]
[SourceTitle "CB05_2024"]
[SourceDate "2024.01.31"]
[SourceVersion "1"]
[SourceVersionDate "2024.01.31"]
[SourceQuality "1"]

1. d4 Nf6 2. Nf3 e6 3. g3 b6 4. Bg2 Bb7 5. c4 c5 6. d5 d6 7. Nc3 Be7 8. 0-0 0-0 9. dxe6 fxe6 10. Bh3 e5 11. Ng5 Qe8 12. e4 Na6 13. Nb5 Nxe4 14. Ne6 Qg6 15. Nxf8 Rxf8 16. Qg4 Qxg4 17. Bxg4 Nb4 18. f4 Nf6 19. Be6+ Kh8 20. fxe5 dxe5 21. Bg5 h6 22. Bxf6 gxf6 23. Rad1 Be4 24. Rd7 Bd3 25. Rxe7 Bxf1 26. Kxf1 Rd8 27. Rd7 1-0

[Event "Wch U20 Girls 39th"]
[Site "Mexico City"]
[Date "2023.09.28"]
[Round "8"]
[White "Garcia Hernandez, Rebeca"]
[Black "Diaz Charpentier, Kristel Melissa"]
[Result "0-1"]
[WhiteElo "1671"]
[BlackElo "1951"]
[PlyCount "144"]
[EventDate "2023.09.21"]
[EventType "swiss"]
[EventRounds "11"]
[EventCountry "MEX"]
[SourceTitle "EXT 2024"]
[Source "ChessBase"]
[SourceDate "2023.10.10"]
[SourceVersion "1"]
[SourceVersionDate "2023.10.10"]
[SourceQuality "1"]

1. d4 Nf6 2. c4 e6 3. Nf3 Bb4+ 4. Bd2 c5 5. g3 0-0 6. Bg2 d6 7. 0-0 Nc6 8. a3 Bxd2 9. Qxd2 cxd4 10. Nxd4 Ne5 11. b3 a6 12. Nc3 Qc7 13. Rac1 Rd8 14. Qb2 Bd7 15. Rfd1 Rac8 16. Nf3 Ng6 17. Ng5 Qb6 18. Nce4 Ne8 19. Qb1 h6 20. Nf3 f5 21. Ned2 Nf6 22. e3 Ne7 23. h4 Qa5 24. Qb2 b5 25. b4 Qb6 26. Qb3 Kh8 27. Rc2 a5 28. Rdc1 axb4 29. Qxb4 Qc5 30. Qb3 Rb8 31. Qa2 b4 32. Nb3 Qa7 33. axb4 Qxa2 34. Rxa2 Rxb4 35. Nbd4 Rc8 36. Nd2 e5 37. Nc2 Rb6 38. Rca1 Be6 39. Ra8 Rb2 40. R8a2 Rxa2 41. Rxa2 Bxc4 42. Ra8 Bd5 43. Rxc8+ Nxc8 44. Bxd5 Nxd5 45. Nc4 Kg8 46. Kf1 Kf7 47. Ke2 Ke6 48. Kd2 g5 49. hxg5 hxg5 50. Nb2 g4 51. Nd3 Ncb6 52. Ndb4 Nxb4 53. Nxb4 d5 54. Nc6 Nc4+ 55. Kd3 Nd6 56. Nd8+ Kd7 57. Ke2 Kxd8 58. f3 gxf3+ 59. Kxf3 Nc4 60. Ke2 Ke7 61. Kd3 Kf6 62. g4 fxg4 63. e4 dxe4+ 64. Kxe4 Kg5 65. Kd3 g3 66. Ke2 Kf4 67. Ke1 Kf3 68. Kf1 g2+ 69. Kg1 Ne3 70. Kh2 Kf2 71. Kh3 g1Q 72. Kh4 Qg4# 0-1

[Event "Wch U20 Girls 39th"]
[Site "Mexico City"]
[Date "2023.09.27"]
[Round "7"]
[White "Diaz Charpentier, Kristel Melissa"]
[Black "Montano Vicente, Guadalupe"]
[Result "1/2-1/2"]
[WhiteElo "1951"]
[BlackElo "1727"]
[PlyCount "118"]
[EventDate "2023.09.21"]
[EventType "swiss"]
[EventRounds "11"]
[EventCountry "MEX"]
[SourceTitle "EXT 2024"]
[Source "ChessBase"]
[SourceDate "2023.10.10"]
[SourceVersion "1"]
[SourceVersionDate "2023.10.10"]
[SourceQuality "1"]

1. d4 Nf6 2. c4 g6 3. Nc3 Bg7 4. e4 d6 5. Be2 0-0 6. f4 c5 7. Nf3 cxd4 8. Nxd4 Nc6 9. Be3 Nxd4 10. Bxd4 Bd7 11. 0-0 Bc6 12. Bf3 a5 13. b3 Nd7 14. Rc1 Bxd4+ 15. Qxd4 Qb6 16. Qxb6 Nxb6 17. Rfd1 Rfd8 18. e5 dxe5 19. fxe5 Nd7 20. Re1 Nc5 21. Rcd1 Bxf3 22. gxf3 Nd3 23. Re3 Nb4 24. a4 Rxd1+ 25. Nxd1 Rd8 26. Nf2 Nc2 27. Rc3 Rd2 28. Ne4 Rd1+ 29. Kf2 Nb4 30. e6 fxe6 31. Nc5 b6 32. Nxe6 Rd6 33. Nf4 e5 34. Ne2 Kf7 35. Re3 Kf6 36. Nc3 Kf5 37. Ne4 Rd4 38. Ke2 Rd7 39. c5 bxc5 40. Nxc5 Rd5 41. Ne4 Nc2 42. Rc3 Nd4+ 43. Ke3 Rd8 44. Rc7 Rb8 45. Nc5 Nxb3 46. Rf7+ Kg5 47. Ne4+ Kh6 48. h4 Nd4 49. Nf6 Nf5+ 50. Kd3 Rh8 51. Ng4+ Kh5 52. Nxe5 Kxh4 53. Ra7 Rd8+ 54. Kc3 Rd5 55. Rxh7+ Kg5 56. Nd3 Rd4 57. Nc5 Rd1 58. Ra7 Rf1 59. f4+ Kxf4 1/2-1/2

[Event "Wch U20 Girls 39th"]
[Site "Mexico City"]
[Date "2023.09.22"]
[Round "3"]
[White "Diaz Charpentier, Kristel Melissa"]
[Black "Cabrera Cruz, Brenda Elisa"]
[Result "1-0"]
[WhiteElo "1951"]
[BlackElo "1682"]
[PlyCount "79"]
[EventDate "2023.09.21"]
[EventType "swiss"]
[EventRounds "11"]
[EventCountry "MEX"]
[SourceTitle "EXT 2024"]
[Source "ChessBase"]
[SourceDate "2023.10.10"]
[SourceVersion "1"]
[SourceVersionDate "2023.10.10"]
[SourceQuality "1"]

1. d4 Nf6 2. c4 c5 3. d5 b5 4. Nf3 g6 5. Qc2 bxc4 6. e4 Bg7 7. Bxc4 0-0 8. 0-0 d6 9. h3 Ba6 10. Nfd2 Nfd7 11. f4 Nb6 12. Na3 Nxc4 13. Ndxc4 Nd7 14. Bd2 Rb8 15. Rab1 f5 16. Rfe1 fxe4 17. Qxe4 Rf7 18. Na5 Bd4+ 19. Kh1 Nf6 20. Qf3 Bb7 21. Nxb7 Rxb7 22. Nc4 Qb8 23. b4 cxb4 24. Na5 Rb5 25. Nc6 Qb6 26. Nxe7+ Kf8 27. Nc8 Qc7 28. Qd3 Rxd5 29. Qa6 Bc5 30. Bxb4 Nd7 31. Ba5 Nb6 32. Bxb6 axb6 33. Nxb6 Rdf5 34. Nd5 Qa7 35. Qc4 Qa8 36. Qc3 Re5 37. fxe5 Qxd5 38. e6 Rg7 39. Rb8+ Ke7 40. Qxg7# 1-0

[Event "Caribean-chT Rapid 24th"]
[Site "San Salvador"]
[Date "2023.07.05"]
[Round "11.2"]
[White "Diaz Charpentier, Kristel Melissa"]
[Black "Castillo Beitia, Ashley Alexandra"]
[Result "0-1"]
[WhiteElo "1891"]
[BlackElo "1889"]
[PlyCount "102"]
[EventDate "2023.07.03"]
[EventType "tourn (rapid)"]
[EventRounds "15"]
[EventCountry "ESA"]
[SourceTitle "CBM 215 Extra"]
[Source "ChessBase"]
[SourceDate "2023.09.30"]
[SourceVersion "1"]
[SourceVersionDate "2023.09.30"]
[SourceQuality "1"]
[WhiteTeam "Costa Rica"]
[BlackTeam "Panama"]
[WhiteTeamCountry "CRI"]
[BlackTeamCountry "PAN"]

1. d4 d5 2. c4 c6 3. Nf3 Nf6 4. Nc3 a6 5. c5 Bf5 6. Bf4 Nbd7 7. h3 e6 8. e3 Be7 9. Be2 h6 10. 0-0 0-0 11. Rc1 Re8 12. Qb3 Qc8 13. Na4 Bd8 14. Rfd1 Bc7 15. Nb6 Nxb6 16. Bxc7 Qxc7 17. cxb6 Qd8 18. Ne5 Ne4 19. a4 a5 20. f3 Nd6 21. Rc3 f6 22. Nxc6 bxc6 23. Rxc6 Rb8 24. Rdc1 Re7 25. Qc3 Reb7 26. Qxa5 Rxb6 27. R1c5 Rxb2 28. Qxd8+ Rxd8 29. Bb5 Nxb5 30. axb5 Bd3 31. Rxe6 Rxb5 32. Rc7 Kh8 33. Ree7 Rg8 34. e4 dxe4 35. fxe4 Rb4 36. Rcd7 Rbb8 37. Kf2 Bb5 38. Rc7 Be8 39. h4 Bg6 40. g4 Rbe8 41. h5 Bxe4 42. Ke3 Bd5 43. Kf4 Rxe7 44. Rxe7 Rd8 45. Ke3 Kg8 46. Kf4 Kf8 47. Rc7 Be6 48. Rc6 Ke7 49. Ra6 Rxd4+ 50. Kf3 Bxg4+ 51. Ke3 Rd5 0-1

[Event "Caribean-chT Rapid 24th"]
[Site "San Salvador"]
[Date "2023.07.04"]
[Round "10.2"]
[White "Granados Ortiz, Maria Jose"]
[Black "Diaz Charpentier, Kristel Melissa"]
[Result "0-1"]
[WhiteElo "1601"]
[BlackElo "1891"]
[PlyCount "58"]
[EventDate "2023.07.03"]
[EventType "tourn (rapid)"]
[EventRounds "15"]
[EventCountry "ESA"]
[SourceTitle "CBM 215 Extra"]
[Source "ChessBase"]
[SourceDate "2023.09.30"]
[SourceVersion "1"]
[SourceVersionDate "2023.09.30"]
[SourceQuality "1"]
[WhiteTeam "Nicaragua"]
[BlackTeam "Costa Rica"]
[WhiteTeamCountry "NCA"]
[BlackTeamCountry "CRI"]

1. e4 c5 2. Nf3 d6 3. d4 cxd4 4. Nxd4 Nf6 5. Nc3 g6 6. Be3 Bg7 7. Be2 0-0 8. f3 Nc6 9. Qd2 Bd7 10. 0-0-0 Qa5 11. g4 Rac8 12. h4 h5 13. Nb3 Qd8 14. gxh5 Nxh5 15. f4 Ng3 16. Rh2 Nxe2+ 17. Nxe2 Bg4 18. Rg1 Qd7 19. Ng3 a5 20. h5 Nb4 21. c3 Qa4 22. h6 Bf6 23. Nc5 dxc5 24. cxb4 cxb4+ 25. Kb1 Rfd8 26. h7+ Kh8 27. Qf2 Rd1+ 28. Rxd1 Qxd1+ 29. Bc1 Qxc1# 0-1

[Event "Caribean-chT Rapid 24th"]
[Site "San Salvador"]
[Date "2023.07.03"]
[Round "1.2"]
[White "Johnson, Adaya"]
[Black "Diaz Charpentier, Kristel Melissa"]
[Result "0-1"]
[WhiteElo "1344"]
[BlackElo "1891"]
[PlyCount "34"]
[EventDate "2023.07.03"]
[EventType "tourn (rapid)"]
[EventRounds "15"]
[EventCountry "ESA"]
[SourceTitle "CBM 215 Extra"]
[Source "ChessBase"]
[SourceDate "2023.09.30"]
[SourceVersion "1"]
[SourceVersionDate "2023.09.30"]
[SourceQuality "1"]
[WhiteTeam "Trinidad and Tobago"]
[BlackTeam "Costa Rica"]
[WhiteTeamCountry "TRI"]
[BlackTeamCountry "CRI"]

1. e4 c5 2. Nc3 Nc6 3. Bc4 e6 4. d3 g6 5. Nf3 Bg7 6. Be3 d6 7. d4 cxd4 8. Bxd4 Nxd4 9. Nxd4 a6 10. a4 Ne7 11. 0-0 0-0 12. f4 Qb6 13. Nce2 e5 14. a5 Qc5 15. b4 Qxc4 16. fxe5 Bxe5 17. c3 Bg4 0-1

[Event "Central America-ch (Women) 24th"]
[Site "San Salvador"]
[Date "2023.01.21"]
[Round "7"]
[White "Diaz Charpentier, Kristel Melissa"]
[Black "Chirivi Castiblanco, Jenny Astrid"]
[Result "1-0"]
[WhiteElo "1823"]
[BlackElo "2024"]
[PlyCount "107"]
[EventDate "2023.01.21"]
[EventType "swiss"]
[EventRounds "11"]
[EventCountry "ESA"]
[SourceTitle "CBM 212 Extra"]
[Source "ChessBase"]
[SourceDate "2023.03.31"]
[SourceVersion "1"]
[SourceVersionDate "2023.03.31"]
[SourceQuality "1"]

1. d4 Nf6 2. c4 e6 3. Nc3 Bb4 4. Qc2 0-0 5. Bg5 h6 6. Bh4 d5 7. cxd5 exd5 8. e3 c6 9. Bd3 Nbd7 10. Nf3 Re8 11. 0-0 Nf8 12. Ne5 Bd6 13. f4 Be7 14. Qe2 N6d7 15. Bxe7 Qxe7 16. Rae1 Nf6 17. g4 N6h7 18. Qg2 Qh4 19. Nf3 Qxg4 20. Qxg4 Bxg4 21. Ne5 Bh5 22. b4 a6 23. a4 Rac8 24. a5 Rc7 25. Na4 Rce7 26. Kf2 f6 27. Nf3 Ne6 28. Nh4 Nhf8 29. Nf5 Rc7 30. Rg1 Kh8 31. Rg3 g6 32. Reg1 Kh7 33. Nh4 Rce7 34. f5 Ng5 35. fxg6+ Kg8 36. Nf5 Re4 37. Nc5 Nxg6 38. Bxe4 Rxe4 39. Rxg5 hxg5 40. Nxe4 dxe4 41. Nd6 Ne7 42. Nxb7 Nd5 43. Nd6 Nxb4 44. Nxe4 Nd3+ 45. Kg3 Kf7 46. Rf1 Ke6 47. Rxf6+ Kd5 48. Nxg5 Nb4 49. Rf5+ Kc4 50. Nf3 Be8 51. Ne5+ Kc3 52. Kg4 Nc2 53. Rf8 Nxe3+ 54. Kf3 1-0

[Event "Central America-ch (Women) 24th"]
[Site "San Salvador"]
[Date "2023.01.21"]
[Round "8"]
[White "Forgas Moreno, Yaniela"]
[Black "Diaz Charpentier, Kristel Melissa"]
[Result "1-0"]
[WhiteElo "2223"]
[BlackElo "1823"]
[PlyCount "81"]
[EventDate "2023.01.21"]
[EventType "swiss"]
[EventRounds "11"]
[EventCountry "ESA"]
[SourceTitle "CBM 212 Extra"]
[Source "ChessBase"]
[SourceDate "2023.03.31"]
[SourceVersion "1"]
[SourceVersionDate "2023.03.31"]
[SourceQuality "1"]

1. e4 c5 2. Nc3 Nc6 3. g3 g6 4. d3 Bg7 5. Be3 d6 6. Qd2 Rb8 7. Bg2 b5 8. Nge2 e6 9. 0-0 Nd4 10. Nc1 Ne7 11. Nd1 b4 12. c3 bxc3 13. bxc3 Ndc6 14. Bh6 0-0 15. Bxg7 Kxg7 16. f4 f5 17. Ne3 Ba6 18. Re1 Qb6 19. exf5 gxf5 20. Nc4 Bxc4 21. dxc4 Qb2 22. Qxb2 Rxb2 23. Rxe6 Rfb8 24. Rxd6 Na5 25. Rd7 Kf8 26. Nd3 Rb1+ 27. Rxb1 Rxb1+ 28. Kf2 Nxc4 29. Rxa7 Rd1 30. Bf1 Nd5 31. Nxc5 Nce3 32. Be2 Rh1 33. Rxh7 Kg8 34. Rh5 Nd1+ 35. Bxd1 Rxd1 36. Rxf5 Nxc3 37. a4 Rd2+ 38. Kf3 Rxh2 39. a5 Ne2 40. Rg5+ Kf7 41. a6 1-0

[Event "Central America-ch (Women) 24th"]
[Site "San Salvador"]
[Date "2023.01.21"]
[Round "5"]
[White "Fuentes Godoy, Lilia Ivonne"]
[Black "Diaz Charpentier, Kristel Melissa"]
[Result "1/2-1/2"]
[WhiteElo "2096"]
[BlackElo "1823"]
[PlyCount "82"]
[EventDate "2023.01.21"]
[EventType "swiss"]
[EventRounds "11"]
[EventCountry "ESA"]
[SourceTitle "CBM 212 Extra"]
[Source "ChessBase"]
[SourceDate "2023.03.31"]
[SourceVersion "1"]
[SourceVersionDate "2023.03.31"]
[SourceQuality "1"]

1. d4 Nf6 2. c4 e6 3. Nf3 Bb4+ 4. Bd2 Qe7 5. g3 0-0 6. Bg2 Nc6 7. 0-0 Bxd2 8. Nbxd2 d6 9. e4 e5 10. d5 Nb8 11. Ne1 Bg4 12. f3 Bd7 13. Nd3 a5 14. Rc1 Na6 15. Qe2 c6 16. Rfe1 cxd5 17. exd5 Qd8 18. Ne4 Nxe4 19. fxe4 Rc8 20. Qe3 Nc5 21. Bf1 f5 22. Nxc5 Rxc5 23. exf5 Bxf5 24. Re2 b5 25. Rf2 bxc4 26. Bxc4 Qc8 27. b3 a4 28. Rcf1 axb3 29. axb3 Rf7 30. Qg5 Bg6 31. Rxf7 Bxf7 32. Qe7 Qf8 33. Qb7 g6 34. Ra1 Qh6 35. Qb8+ Kg7 36. Qxd6 Qe3+ 37. Kg2 Qe4+ 38. Kh3 Qf5+ 39. Kg2 Qe4+ 40. Kh3 Qf5+ 41. Kg2 Qe4+ 1/2-1/2

[Event "Central America-ch (Women) 24th"]
[Site "San Salvador"]
[Date "2023.01.21"]
[Round "1"]
[White "Wijnhard, Joelle"]
[Black "Diaz Charpentier, Kristel Melissa"]
[Result "0-1"]
[WhiteElo "1294"]
[BlackElo "1823"]
[PlyCount "122"]
[EventDate "2023.01.21"]
[EventType "swiss"]
[EventRounds "11"]
[EventCountry "ESA"]
[SourceTitle "CBM 212 Extra"]
[Source "ChessBase"]
[SourceDate "2023.03.31"]
[SourceVersion "1"]
[SourceVersionDate "2023.03.31"]
[SourceQuality "1"]

1. e4 c5 2. Nf3 d6 3. Nc3 Nf6 4. d3 g6 5. Be2 Bg7 6. Be3 0-0 7. 0-0 e5 8. h3 Nc6 9. a3 a6 10. Re1 b5 11. Nd5 Nxd5 12. exd5 Ne7 13. Nd2 Nxd5 14. Bf3 Nxe3 15. Rxe3 Rb8 16. Rb1 Be6 17. Re1 f5 18. Nf1 d5 19. c3 e4 20. dxe4 dxe4 21. Be2 c4 22. Qxd8 Rfxd8 23. Red1 Kf7 24. Rxd8 Rxd8 25. Rd1 Rxd1 26. Bxd1 a5 27. Ng3 b4 28. axb4 axb4 29. cxb4 Bxb2 30. b5 Ke7 31. Bc2 Kd6 32. b6 Kc6 33. b7 Kxb7 34. Kf1 Kc6 35. Ke1 Kc5 36. Kd1 Bd4 37. Ke2 c3 38. Ke1 Bc4 39. Ne2 Be5 40. g3 Kb4 41. Kd1 Bd3 42. Nc1 Bxc2+ 43. Kxc2 Bd4 44. Na2+ Kc4 45. g4 fxg4 46. hxg4 g5 47. Nc1 Bxf2 48. Ne2 Be1 49. Kd1 Bd2 50. Kc2 e3 51. Ng3 Kd4 52. Ne2+ Ke4 53. Kd1 Kd3 54. Nc1+ Bxc1 55. Kxc1 c2 56. Kb2 Kd2 57. Ka2 c1Q 58. Kb3 Qc3+ 59. Ka2 Qb4 60. Ka1 Kc2 61. Ka2 Qa4# 0-1

[Event "Olympiad Women-44"]
[Site "Chennai"]
[Date "2022.08.09"]
[Round "11.2"]
[White "Diaz Charpentier, Kristel Melissa"]
[Black "Bobomurodova, Maftuna"]
[Result "1/2-1/2"]
[WhiteElo "1989"]
[BlackElo "1914"]
[PlyCount "90"]
[EventDate "2022.07.29"]
[EventType "team-swiss"]
[EventRounds "11"]
[EventCountry "IND"]
[SourceTitle "CBM 210"]
[Source "ChessBase"]
[SourceDate "2022.10.31"]
[SourceVersion "1"]
[SourceVersionDate "2022.10.31"]
[SourceQuality "1"]
[WhiteTeam "Costa Rica (W)"]
[BlackTeam "Uzbekistan (W)"]
[WhiteTeamCountry "CRI"]
[BlackTeamCountry "UZB"]

1. Nf3 d5 2. c4 dxc4 3. Na3 c5 4. Nxc4 Nc6 5. g3 g6 6. b3 Bg7 7. Bb2 Nf6 8. Bg2 0-0 9. 0-0 Be6 10. Rc1 Rc8 11. Re1 a6 12. Ne3 Qa5 13. Ng5 Bd7 14. Bc3 Qd8 15. d3 e6 16. h4 Qe7 17. Nc4 b5 18. Nb6 Rc7 19. Nxd7 Nxd7 20. Bxg7 Kxg7 21. Qd2 Rfc8 22. Ne4 Nd4 23. e3 Nf5 24. Qb2+ Kg8 25. Red1 Nd6 26. Ng5 Nf6 27. e4 e5 28. f4 Nd7 29. Nf3 f6 30. Bh3 Nf7 31. Qe2 Qd6 32. Bxd7 Qxd7 33. fxe5 Nxe5 34. Nxe5 fxe5 35. Kg2 Qd4 36. Rf1 Rf8 37. Rxf8+ Kxf8 38. Rf1+ Rf7 39. Rxf7+ Kxf7 40. Qf2+ Kg7 41. Qxd4 cxd4 42. b4 g5 43. Kf3 Kg6 44. Kg4 h5+ 45. Kf3 g4+ 1/2-1/2

[Event "Olympiad Women-44"]
[Site "Chennai"]
[Date "2022.07.30"]
[Round "2.2"]
[White "Nguyen, Thi Mai Hung"]
[Black "Diaz Charpentier, Kristel Melissa"]
[Result "1/2-1/2"]
[WhiteElo "2223"]
[BlackElo "1989"]
[PlyCount "104"]
[EventDate "2022.07.29"]
[EventType "team-swiss"]
[EventRounds "11"]
[EventCountry "IND"]
[SourceTitle "CBM 210"]
[Source "ChessBase"]
[SourceDate "2022.10.31"]
[SourceVersion "1"]
[SourceVersionDate "2022.10.31"]
[SourceQuality "1"]
[WhiteTeam "Vietnam (W)"]
[BlackTeam "Costa Rica (W)"]
[WhiteTeamCountry "VIE"]
[BlackTeamCountry "CRI"]

1. d4 Nf6 2. Nf3 e6 3. e3 c5 4. Bd3 b6 5. 0-0 Bb7 6. c4 Be7 7. Nc3 cxd4 8. exd4 d5 9. Qe2 Nc6 10. cxd5 Nxd5 11. Rd1 0-0 12. Nxd5 Qxd5 13. Be4 Qh5 14. Bf4 Rfd8 15. Qe3 Qb5 16. Rac1 Rac8 17. b3 Na5 18. Bd3 Qd5 19. h3 Ba3 20. Rxc8 Rxc8 21. Be5 h6 22. Bb1 Bd6 23. Qd3 Bxe5 24. dxe5 Qxd3 25. Bxd3 Bxf3 26. gxf3 Nc6 27. f4 Nb4 28. Bc4 a6 29. a3 b5 30. Bxe6 fxe6 31. axb4 Rc3 32. Rd6 Rxb3 33. Rxe6 Rxb4 34. Rxa6 Rxf4 35. Rb6 b4 36. Kg2 Re4 37. Rb5 Kf7 38. f3 Rc4 39. Rb6 h5 40. Kf2 h4 41. Ke3 Rc3+ 42. Kf4 b3 43. Kg4 g5 44. Kxg5 Rxf3 45. Kxh4 Re3 46. Kg4 Rxe5 47. Rxb3 Kg6 48. Rb6+ Kg7 49. h4 Ra5 50. Rb4 Kh6 51. Rc4 Rb5 52. h5 Rg5+ 1/2-1/2

[Event "American Continental 16th"]
[Site "San Salvador"]
[Date "2022.05.06"]
[Round "7"]
[White "Diaz Charpentier, Kristel Melissa"]
[Black "Gutierrez, Renzo"]
[Result "1-0"]
[WhiteElo "1947"]
[BlackElo "2286"]
[PlyCount "91"]
[EventDate "2022.05.02"]
[EventType "swiss"]
[EventRounds "11"]
[EventCountry "ESA"]
[SourceTitle "CBM 208 Extra"]
[Source "ChessBase"]
[SourceDate "2022.07.31"]
[SourceVersion "1"]
[SourceVersionDate "2022.07.31"]
[SourceQuality "1"]

1. Nf3 d5 2. c4 c6 3. g3 e6 4. Bg2 Nf6 5. b3 Be7 6. 0-0 0-0 7. Bb2 a5 8. d3 b6 9. Nbd2 Bb7 10. e4 Na6 11. Qe2 a4 12. cxd5 cxd5 13. e5 Nd7 14. d4 Nb4 15. Rfc1 Ba6 16. Qd1 Nd3 17. Rc2 a3 18. Bc1 b5 19. Nf1 Nb4 20. Re2 Bb7 21. h4 Qb6 22. Bf4 Rfc8 23. Ne3 Rc6 24. Re1 Rcc8 25. Bf1 Ba6 26. g4 Nf8 27. g5 Ng6 28. Bg3 Bf8 29. h5 Ne7 30. Nh4 g6 31. hxg6 fxg6 32. Ng4 Nc2 33. Nf6+ Kg7 34. Qf3 Nxd4 35. Qh1 h6 36. Nxg6 Nxg6 37. Qxh6+ Kf7 38. Bd3 Nf5 39. Bxf5 exf5 40. Nxd5 Qd4 41. Rad1 Qg4 42. Qh7+ Bg7 43. Nf6 Rc6 44. Rd7+ Ne7 45. Nxg4 fxg4 46. Qf5+ 1-0